000 01287nam a2200265 i 4500
001 169830
003 ES-MaACL
005 20250927110308.0
008 081203s1822 fr |||| | fre d
080 _a821.133.1-293
245 0 0 _aSuite du répertoire du théâtre français, avec un choix des pièces de plusieurs autres théâtres.
_pOpéras comiques en prose.
_nV /
_carrangées et mises en ordre par M. Lepeintre.
260 _aParis :
_bMme Veuve Dabo,
_c1822 (
_fSenlis)
300 _a375 p. ;
_c14 cm.
490 1 _aSuite du répertoire du théatre français ;
_v60
500 _aÍndice.
500 _aEnc. con: Suite du répertoire du théâtre français ; 59.
505 8 _aContiene: ;
_tPhilippe et Georgette ; Ambroise, ou Voila ma Journée /
_rpar Monvel. --
_tNina ; Les deux petits savoyards ; Camille, ou Le Souterrain /
_rpar Marsollier.
597 _a2 tomos en 1 v.
700 1 _aBoutet de Monvel, Jacques-Marie.
_9138997
700 1 _aMarsollier des Vivetières, Benoît-Joseph.
_9138998
700 1 _aLepeintre-Desroches, Pierre-Marie-Michel,
_d1785-1847
_9138972
830 0 _aSuite du répertoire du théatre français ;
_v60
_9188890
852 4 _aES-MaACL
_jE-12315(2)
_9R.190455
_zBiblioteca Jacinto Martínez Lacalle
999 _c169830
_d169830